000 00727 a2200205 4500
001 56295
005 20260407155830.0
008 260407a1964 arg spa d
003 AR-UNSa-BCEJYS
040 _aAR-UNSa-BCEJYS
_bspa
_cAR-UNSa-BCEJYS
080 _a519.83
_xTeoría de juegos
245 1 0 _aLa estrategia del conflicto
264 1 _aMadrid :
_bTecnos
_c1964
300 _a336 p.
_c23 cm.
505 _a1. Elementos de una teoría de la estrategia; 2. Una reorientación de la teoría de los juegos; 3. Estrategia con un elemento de azar; 4. El ataque por sorpresa: un estudio de la desconfianza mutua
041 _aspa
942 _cBK
590 _aniveau_biblio:m niveau_hierar:0
100 1 _aSchelling, Thomas C.
999 _c5990
_d5990